All NCT Members 2025 - Statistics

General Stats
  • This quiz has been taken 13,343 times
  • The average score is 25 of 28
Answer Stats
Answer % Correct
Mark
98%
Mark
98%
Johnny
95%
Taeyong
95%
Haechan
94%
Haechan
94%
Doyoung
92%
Jaehyun
92%
Ten
92%
Winwin
92%
Winwin
92%
Yuta
92%
Jaemin
90%
Jeno
90%
Chenle
89%
Jungwoo
89%
Jisung
88%
Xiaojun
88%
Renjun
87%
Sakuya
87%
Sion
87%
Hendery
86%
Kun
85%
Riku
85%
Yangyang
85%
Ryo
83%
Jaehee
81%
Yushi
80%
No matching quizzes found
Score Distribution
Percent of People with Each Score
Percentile by Number Answered
Your Score History
You have not taken this quiz